000 00721cab a2200229 4500
001 ABS58730
008 090401t1998 xxu||||| |||| 00| 0 eng d
035 _a(Sirsi) u86298
041 _aeng
100 _aHirst, P.
245 _aYear 2000 crisis: it`s coming to a screen near you
260 _c1998
350 _a0
490 _aCSM
_bChartered Surveyor Monthly
_v7(8) May 1998, 50-51(2)
520 _aUrges immediate action to combat the prospective millennium computer problem, suggesting useful contacts.
650 _aCOMPUTING
650 _aMILLENNIUM TIMEBOMB
650 _aYEAR 2000 COMPLIANCE
690 _aMANAGEMENT-BUSINESS MANAGEMENT-INFORMATION MANAGEMENT
942 _n0
948 _c19/05/1998
999 _c54298
_d54298